Welcome to the Holygrace Academy Library

Please use search bar below to get started

AZHAKIYA ITHALUKAL (Record no. 9190)

MARC details
000 -LEADER
fixed length control field 00325nam a22001337a 4500
082 ## - DEWEY DECIMAL CLASSIFICATION NUMBER
Classification number 894.812.1
Item number PAR/A
100 ## - MAIN ENTRY--AUTHOR NAME
Personal name PARVATHY, M S
245 ## - TITLE STATEMENT
Title AZHAKIYA ITHALUKAL
246 ## - VARYING FORM OF TITLE
Title proper/short title AZHAKIYA ITHALUKAL
Remainder of title AZHAKIYA ITHALUKAL
260 ## - PUBLICATION, DISTRIBUTION, ETC. (IMPRINT)
Place of publication THRISSUR
Name of publisher THE OLD LIBRARY
Year of publication 2025
300 ## - PHYSICAL DESCRIPTION
Number of Pages 91
650 ## - SUBJECT ADDED ENTRY--TOPICAL TERM
Topical Term MALAYALAM POEMS
942 ## - ADDED ENTRY ELEMENTS (KOHA)
Koha item type Books
Holdings
Withdrawn status Lost status Collection code Home library Current library Date acquired Source of acquisition Cost, normal purchase price Full call number Accession Number Koha item type
    MALAYALAM POEMS Main Library Main Library 27/01/2026 CONTRIBUTION 300.00 894.812.1 PAR/A 13902 Books